Statistiques concernant Les 10 meilleurs buteurs en 2016.

Cliquez ici pour prendre le quiz!

Statistiques générales

  • Ce quiz a été pris 180 fois
  • Le résultat moyen est 9 sur 10

Statistiques - réponses

ButsJoueursClubs% Correct
59Lionel MessiBarca
100%
55Cristiano RonaldoReal
99%
45Edinson CavaniPSG
99%
51Luis SuarezBarca
99%
36Antoine GriezmannAtletico
96%
47Robert LewandowskiBayern
96%
37Sergio AgueroMan City
93%
50Zlatan IbrahimovicPSG/ Man United
91%
34Pierre-Emerick AubameyangDortmund
79%
39Gonzalo HiguainNapoli/ Juve
75%

Distribution des résultats

Percentile par nombre de réponses

% des personnes avec chaque résultat

Votre développement - résultats

Vous n’avez pas pris ce quiz